| 000 | 00555nam a2200181Ia 4500 | ||
|---|---|---|---|
| 008 | 090123s9999 xx 000 0 und d | ||
| 082 |
_b3804 _a891.463/मनोहर |
||
| 100 | _aमनोहर अनंत | ||
| 245 | _aडाव मांडूनी | ||
| 250 | _a1 | ||
| 260 |
_bविशाखा प्रकाशन _c1974 |
||
| 300 | _a140 | ||
| 600 | _aमनोहर अनंत | ||
| 630 | _aडाव मांडूनी | ||
| 700 | _aमनोहर अनंत | ||
| 730 | _aडाव मांडूनी | ||
| 942 | _cBOOK | ||
| 999 |
_c41880 _d41880 |
||